| 000 | 00905 a2200181 4500 | ||
|---|---|---|---|
| 003 | NUST | ||
| 005 | 20230202124303.0 | ||
| 020 | _a8171009190 | ||
| 040 | _cNust | ||
| 082 | _a954,IND | ||
| 245 |
_aIndia 50 Years of Independence: _bIndependence and Beyond the fifty Years; 1947-97 (VOL-2) / _cEdited by Verinder Grover, Ranjana Arora |
||
| 250 | _aThe | ||
| 260 |
_aIndia _bDeep & Deep Pub _c1997 |
||
| 300 | _a664:p.; | ||
| 505 | _aPart-1: India At Fifty (Page-3), Part-2: The Present Politics (Page-37), Part-3: Power to Women (Page-135), Part-4: Judicial Activism (Page-169), Part-5: Political Corruption (Page-219), Part-6: Terrorism (Page-281), Part-7: Secularism and Communalism (Page-315), Part-8: The Economic Reforms (Page-347), Part-9: New Opportunities in Kashmir (Page-427), Part-10: Foreign Policy CTBT SAARC and UNO (Page-469). | ||
| 650 |
_aIndia _925356 |
||
| 942 |
_2ddc _cBK _k954,IND |
||
| 999 |
_c187339 _d187339 |
||